Paesi più vicini all'Australia - un minuto di sprint - Statistics

Statistiche generali
  • Questo quiz è stato fatto 20 volte
  • Il punteggio medio è 12 su 20
Statistiche sulle risposte
km nazione % Corretto
1303 Nuova Zelanda
100%
123 Indonesia
94%
4 Papua Nuova Guinea
71%
461 Timor-Leste
71%
2591 Figi
65%
1995 Palau
65%
3199 Tuvalu
65%
3266 Isole Marshall
59%
2250 Malesia
59%
1778 Micronesia
59%
2863 Nauru
59%
3228 Tonga
59%
1744 Vanuatu
59%
1920 Filippine
53%
2798 Singapore
53%
3086 Kiribati
47%
2402 Brunei
41%
1391 Isole Salomone
41%
3391 Thailandia
35%
3413 Vietnam
18%
Nessun quiz corrispondente trovato
Distribuzione punteggi
Percentuale di utenti per punteggio
Percentile per numero di risposta
I tuoi punteggi nel tempo
Non hai fatto questo quiz